Aprender a enseñar en la práctica: procesos de innovación y prácticas de formación en la Educación Secundaria
Guardat en:
| Autor principal: | |
|---|---|
| Format: | Llibre |
| Idioma: | espanyol |
| Publicat: |
Barcelona
Graó
2010
|
| Edició: | 1a. ed |
| Col·lecció: | Formación del Profesorado. Educación Secundaria, 1 v.4
|
| Matèries: | |
| Etiquetes: |
Afegir etiqueta
Sense etiquetes, Sigues el primer a etiquetar aquest registre!
|
MARC
| LEADER | 00000cam a2200000 a 4500 | ||
|---|---|---|---|
| 001 | UCG7713 | ||
| 003 | CL-VaPUC | ||
| 008 | 110905e20101200SP |||||||||||||||||spa|d | ||
| 020 | |a 9788499800172 | ||
| 082 | 0 | 4 | |a 370.152 |b PER |2 21 |
| 100 | 0 | |a Pérez Gómez, Angel I |e author |9 558236 | |
| 245 | 1 | 0 | |a Aprender a enseñar en la práctica: procesos de innovación y prácticas de formación en la Educación Secundaria |
| 250 | |a 1a. ed | ||
| 300 | |a 216 p | ||
| 942 | |c BK | ||
| 945 | |d 20110905 00:00:00 |a dcastane | ||
| 260 | |a Barcelona |b Graó |c 2010 | ||
| 650 | 0 | |a Psicología educacional |9 307830 | |
| 650 | 0 | |a Cognición |9 270347 | |
| 650 | 0 | |a Aprendizaje |9 254827 | |
| 650 | 0 | |a Comportamiento |9 308406 | |
| 650 | 0 | |a Motivación |9 315362 | |
| 583 | |a last modification |c 20160609 04:12:15 |k Rodrigo Vera | ||
| 490 | 0 | |a Formación del Profesorado. Educación Secundaria, 1 v.4 | |
| 999 | |c 345496 |d 345494 | ||
| 952 | |0 0 |1 0 |4 0 |6 370_152000000000000_PER_2010 |7 0 |8 A |9 444279 |a BIBEDU |b BIBEDU |d 2019-11-22 |h v.4 |i 4790065 |o 370.152 PER 2010 |p 4790065 |r 2019-11-22 |w 2019-11-22 |y BK |k EPE | ||
| 952 | |0 0 |1 0 |3 erb |4 0 |6 370_152000000000000_PER_2010 |7 0 |8 A |9 444280 |a BIBEDU |b BIBEDU |h v.4 |i 5288932 |o 370.152 PER 2010 |p 5288932 |r 2019-11-22 |w 2019-11-22 |y BK |z Catalogado en:20160603 |k EDI | ||